000 00410nam a2200181Ia 4500
001 367
005 20260306140512.0
008 260306t2008||||xx |||||||||||||| ||spa||
041 _aESP
082 _a110
_bB73
100 _aVigna, Carmelo
_eAUT
245 0 _aBontadini e la metafĂ­sica
260 _c2008
300 _a584 páginas :
_c22 cm.
650 _aGEN
654 _aCHU
942 _cLIB
_dJUS
_fJUS
_2ddc
_n
999 _c367
_d367